Online
Catalog
Normal view MARC view

Entry Nombre de reunión

Number of records used in: 1

001 - NÚMERO DE CONTROL

  • campo de control: 83049

003 - IDENTIFICADOR DEL NÚMERO DE CONTROL

  • campo de control: DO-SdBNP

005 - FECHA Y HORA DE LA ÚLTIMA TRANSACCIÓN

  • campo de control: 20230124080431.0

008 - DATOS DE LONGITUD FIJA

  • campo de control de longitud fija: 230124|| aca||aabn | a|a d

040 ## - FUENTE DE LA CATALOGACIÓN

  • Centro catalogador/agencia de origen: DO-SdBNP
  • Centro/agencia transcriptor: DO-SdBNP

111 ## - ENCABEZAMIENTO--NOMBRE DE CONGRESO/REUNIÓN

  • Nombre de congreso/reunión o jurisdicción como elemento de entrada: Nueva ley municipal y desarrollo local: construyendo ciudadanía desde el gobierno local
  • Sede del congreso/Lugar de la reunión: Santo Domingo, República Dominicana)
  • Fecha del congreso/reunión: (2007

670 ## - FUENTE DE DATOS ENCONTRADOS

  • Cita de la fuente: Work cat.: (DO-SdBNP)53116: Nueva ley municipal y desarrollo local: construyendo ciudadanía desde el gobierno local Santo Domingo, República Dominicana) (2007 :, Nueva ley municipal :, [2007].

Powered by Koha